| 000 | 01508cam a22003494a 4500 | ||
|---|---|---|---|
| 090 | _c10114 | ||
| 001 | 12281637 | ||
| 005 | 20020821201935.0 | ||
| 008 | 010118s2001 enk b 001 0 eng | ||
| 010 | _a 2001018429 | ||
| 020 | _a0521800331 (hbk,) | ||
| 020 | _a0521804779 (pbk.) | ||
| 040 |
_aDLC _cDLC _dDLC |
||
| 042 | _apcc | ||
| 043 | _ae------ | ||
| 050 | 0 | 0 |
_aJN94.A69 _bA63 2001 |
| 082 | 0 | 0 |
_a306.2094 _221 _bCLI |
| 245 | 0 | 0 |
_aClientelism, interests, and democratic representation : _bthe European experience in historical and comparative perspective / _cedited by Simona Piattoni. |
| 260 |
_aCambridge ; _aNew York : _bCambridge University Press, _cc.2001. |
||
| 300 |
_axiii, 240 p. ; _c24 cm. |
||
| 440 | 0 | _aCambridge studies in comparative politics | |
| 504 | _aIncludes bibliographical references (p. 213-231) and index. | ||
| 650 | 0 |
_aPatronage, Political _zEurope _xHistory. |
|
| 650 | 0 |
_aPatronage, Political _zEurope _vCross-cultural studies. |
|
| 700 | 1 |
_aPiattoni, Simona, _d1960- |
|
| 856 | 4 | 2 |
_3Publisher description _uhttp://www.loc.gov/catdir/description/cam021/2001018429.html |
| 856 | 4 | 1 |
_3Table of contents _uhttp://www.loc.gov/catdir/toc/cam026/2001018429.html |
| 906 |
_a7 _bcbc _corignew _d1 _eocip _f20 _gy-gencatlg |
||
| 942 |
_2ddc _cARCH |
||
| 999 |
_c10114 _d10114 |
||